000 00761nam a2200289Ia 4500
005 20260324150649.0
008 008 260324s9999 xx 000 0 eng d
020 _a9781003112310
037 _aEBOOK
040 _aCRL
040 _beng
040 _cCRL
041 _2eng
041 _aeng
084 _qCRL
100 _aP. Thomas
_91227180
245 0 _aChristians and Christianity in India and Pakistan
245 2 _bA General Survey of the Progress of Christianity in India from Apostolic Times to the Present Day
260 _bTaylor and Francis
260 _c1954
365 _a
365 _b170
856 _uhttp://www.taylorfrancis.com/books/9781003112310
942 _cEBOOK
999 _c1837045
_d1837045